Statistics for 15 Largest Cities in Kosovo🇽🇰

Click here to take the quiz!

General Stats

  • This quiz has been taken 100 times
  • The average score is 8 of 15

Answer Stats

PopulationCity% Correct
161kPristina
100%
94kPrizren
81%
46kMitrovica
70%
54kGjilan
64%
42kFerizaj
63%
48kPeja
61%
40kGjakova
59%
26kVushtrri
41%
15kRahovec
34%
23kPodujeva
33%
10kSuhareka
33%
18kFushe Kosove
31%
10kKacanik
31%
7kShtime
31%
7kKamenica
30%

Score Distribution

Percentile by Number Answered

Percent of People with Each Score

Your Score History

You have not taken this quiz